000 00382pab a2200145 454500
008 180718b2000 xxu||||| |||| 00| 0 eng d
100 _aChaudhuri, Saumitra
245 _aFiscal management: an alternative view of the circumstances
260 _c2000
300 _ap.59-83
362 _aJul-Sep
650 _aFiscal administration
773 _aMoney and Finance
909 _a46828
999 _c46828
_d46828